PhysChemComm /

Bibliographic Details
Corporate Author: Royal Society of Chemistry (Great Britain)
Format: Journal
Language:English
Published: [Cambridge, England] : Royal Society of Chemistry, 1998-2003.
Subjects:
Online Availability: Check for online availability

MARC

Tag First Indicator Second Indicator Subfields
LEADER 00000cas a2200000 a 4500
001 in00001489621
005 20151021065344.0
006 m d
007 cr cn---------
008 981027d19982003enk x pss 0 0eng d
010 |a sn 99038067  
016 7 |a 100964418  |2 DNLM 
022 |a 1460-2733 
030 |a PHCCFX 
035 |a (OCoLC)ocm40310988 
035 |a (OCoLC)40310988 
035 |9 AJG8006AM 
040 |a CUY  |c CUY  |d CUS  |d MYG  |d CAS  |d IUL  |d OCLCQ  |d NLM  |d OCLCQ  |d RBN  |d NLM  |d OCLCQ  |d MUQ  |d UtOrBLW 
042 |a lcd 
049 |a TXAM 
050 1 4 |a QD450  |b .P49 Electronic 
060 1 0 |a W1 
245 0 0 |a PhysChemComm /  |c RSC. 
246 3 |a Physical chemistry communications 
246 3 |a Phys chem comm 
264 1 |a [Cambridge, England] :  |b Royal Society of Chemistry,  |c 1998-2003. 
310 |a Irregular 
336 |a text  |b txt  |2 rdacontent 
337 |a computer  |b c  |2 rdamedia 
338 |a online resource  |b cr  |2 rdacarrier 
362 0 |a 1998, 1- 
362 1 |a Ceased with vol. 6 in 2003. 
500 |a Title from home page (viewed Mar. 29, 2000). 
500 |a Latest issue consulted: Volume 6 (2003) (viewed Jan. 30, 2004). 
500 |a Title from home page (viewed Mar. 19, 1998). 
510 0 |a Chemical abstracts  |x 0009-2258 
530 |a The journals of the Royal Society of Chemistry are searchable as a database via the Online Journals website of the Royal Society of Chemistry. 
538 |a Mode of access: World Wide Web. 
500 |a Electronic resource. 
650 0 |a Chemistry, Physical and theoretical  |v Periodicals. 
650 0 |a Chemistry  |v Periodicals. 
650 1 2 |a Chemistry, Physical  |v Periodicals. 
650 6 |a Chimie physique et théorique  |v Périodiques. 
650 6 |a Chimie  |v Périodiques. 
710 2 |a Royal Society of Chemistry (Great Britain) 
949 |a AM_DB_MFHD URL added  |b h  |c 2005/4/5  |e rstovall5  |f 12:57:51 pm 
994 |a E0  |b TXA 
999 |a MARS 
999 f f |s ef9d7ff4-fef7-31b6-8b69-5859dce60c1c  |i 4b1c8c28-bccd-38a4-a00c-e82a1ba16317  |t 0 
952 f f |a Texas A&M University  |b College Station  |c Electronic Resources  |d Available Online  |t 0  |e QD450 .P49  |g Electronic  |h Library of Congress classification 
998 f f |a QD450 .P49  |t 0  |l Available Online